Klicke die Bezirke Österreichs auf einer Karte - Statistiken

Allgemein
  • Dieses Quiz wurde 26 mal gespielt
  • Das Durchschnittsergebnis liegt bei 39 aus 95
Antworten auf der Karte
Die Antworten werden auf der Karte rot bzw. grün angezeigt, abhängig davon wie oft sie richtig erraten wurden.
 
Antwortstatistiken
Antwort % Korrekt
Wien
100%
Salzburg-Umgebung
92%
Klagenfurt-Land
83%
Salzburg
83%
Villach-Land
83%
Eisenstadt-Umgebung
75%
Graz
75%
Graz-Umgebung
75%
Innsbruck
75%
Innsbruck-Land
75%
Sankt Pölten-Land
75%
Wels-Land
75%
Bludenz
67%
Eisenstadt
67%
Feldkirch
67%
Lienz
67%
Südoststeiermark
67%
Kufstein
58%
Linz
58%
Mödling
58%
Reutte
58%
Sankt Pölten
58%
Schwaz
58%
Spittal an der Drau
58%
Villach
58%
Wiener Neustadt-Land
58%
Hallein
50%
Hartberg-Fürstenfeld
50%
Imst
50%
Kitzbühel
50%
Klagenfurt
50%
Landeck
50%
Liezen
50%
Steyr
50%
Steyr-Land
50%
Braunau am Inn
42%
Bruck-Mürzzuschlag
42%
Leibnitz
42%
Mattersburg
42%
Murtal
42%
Rust
42%
Sankt Johann im Pongau
42%
Tulln an der Donau
42%
Urfahr-Umgebung
42%
Zwettl
42%
Bregenz
33%
Deutschlandsberg
33%
Dornbirn
33%
Hermagor
33%
Hollabrunn
33%
Krems an der Donau
33%
Krems-Land
33%
Leoben
33%
Linz-Land
33%
Melk
33%
Murau
33%
Oberpullendorf
33%
Oberwart
33%
Perg
33%
Ried im Innkreis
33%
Voitsberg
33%
Wels
33%
Zell am See
33%
Amstetten
25%
Baden
25%
Eferding
25%
Gänserndorf
25%
Gmunden
25%
Gröbming
25%
Kirchdorf an der Krems
25%
Korneuburg
25%
Neunkirchen
25%
Neusiedl am See
25%
Rohrbach
25%
Sankt Veit an der Glan
25%
Tamsweg
25%
Vöcklabruck
25%
Waidhofen an der Ybbs
25%
Wiener Neustadt
25%
Wolfsberg
25%
Bruck an der Leitha
17%
Feldkirchen
17%
Freistadt
17%
Güssing
17%
Jennersdorf
17%
Lilienfeld
17%
Mistelbach
17%
Schärding
17%
Waidhofen an der Thaya
17%
Weiz
17%
Gmünd
8%
Grieskirchen
8%
Horn
8%
Scheibbs
8%
Völkermarkt
8%
Keine übereinstimmenden Quizze gefunden
Verteilung der Resultate
Anzahl Personen mit jedem Resultat
Perzentil nach korrekt beantworteten Fragen
Ihre Resultats-Entwicklung
Sie haben dieses Quiz noch nicht gespielt